| 000 | 00365nam a2200145Ia 4500 | ||
|---|---|---|---|
| 005 | 20251222143243.0 | ||
| 008 | 251222s9999||||xx |||||||||||||| ||spa|| | ||
| 020 | _a8480020431 | ||
| 082 | _a346.460.7/V71 | ||
| 100 | _aVicent Chulia, Francisco | ||
| 245 | 0 | _aIntroducción al Derecho Mercantil | |
| 250 | _a5a. ed. | ||
| 264 | _bTirant lo Blanch | ||
| 942 | _cLIB | ||
| 999 |
_c14674 _d14674 |
||